| 000 | 00497nam a22001937a 4500 | ||
|---|---|---|---|
| 003 | MPLRDC | ||
| 005 | 20220104143421.0 | ||
| 008 | 210129b ||||| |||| 00| 0 eng d | ||
| 020 | _a957-733-409-1 | ||
| 082 | _a242.42 TER | ||
| 100 | _aMOTHER TERESA | ||
| 245 |
_a爱无止尽 _c吕尚意译 |
||
| 250 | _a初版 | ||
| 260 |
_a台湾 _b新路出版有限公司 _c1999 |
||
| 300 | _b252 | ||
| 490 | _a新智者丛书. 3 | ||
| 650 | _a神学; 教义学--救世论 | ||
| 942 |
_cBK _o242.42 TER |
||
| 999 |
_c39690 _d39680 |
||